Oliver R. Barrett collection regarding sale of lands by American Indians, (Record no. 43864)
[ view plain ]
| 000 -LEADER | |
|---|---|
| fixed length control field | 00997cpcaa2200265 4500 |
| 001 - CONTROL NUMBER | |
| control field | mm 83003842 |
| 003 - CONTROL NUMBER IDENTIFIER | |
| control field | DLC |
| 005 - DATE AND TIME OF LATEST TRANSACTION | |
| control field | 20260227111718.0 |
| 008 - FIXED-LENGTH DATA ELEMENTS--GENERAL INFORMATION | |
| fixed length control field | 830304|||||||||||| eng |
| 010 ## - LIBRARY OF CONGRESS CONTROL NUMBER | |
| LC control number | mm 83003842 |
| 040 ## - CATALOGING SOURCE | |
| Original cataloging agency | DLC |
| Transcribing agency | DLC |
| Description conventions | dacs |
| Modifying agency | DLC |
| 072 #7 - SUBJECT CATEGORY CODE | |
| Subject category code | C |
| Source | lcmd |
| 100 1# - MAIN ENTRY--PERSONAL NAME | |
| Personal name | Barrett, Oliver R. |
| Fuller form of name | (Oliver Roger), |
| Dates associated with a name | 1873-1950. |
| 245 00 - TITLE STATEMENT | |
| Title | Oliver R. Barrett collection regarding sale of lands by American Indians, |
| Inclusive dates | 1638-1769. |
| 300 ## - PHYSICAL DESCRIPTION | |
| Extent | 2 |
| Type of unit | items. |
| 506 0# - RESTRICTIONS ON ACCESS NOTE | |
| Terms governing access | Open to research. |
| 533 ## - REPRODUCTION NOTE | |
| Type of reproduction | Positive photocopy of originals held by Oliver R. Barrett. |
| Place of reproduction | Washington, D.C. : |
| Agency responsible for reproduction | Library of Congress, |
| Date of reproduction | 1925. |
| 545 0# - BIOGRAPHICAL OR HISTORICAL DATA | |
| Biographical or historical data | Collector. |
| 546 ## - LANGUAGE NOTE | |
| Language note | Collection material in English. |
| 580 ## - LINKING ENTRY COMPLEXITY NOTE | |
| Linking entry complexity note | Forms part of: Miscellaneous Manuscripts collection. |
| 650 #0 - SUBJECT ADDED ENTRY--TOPICAL TERM | |
| Topical term or geographic name entry element | Indians of North America. |
| 650 #0 - SUBJECT ADDED ENTRY--TOPICAL TERM | |
| Topical term or geographic name entry element | Real property. |
| 656 #7 - INDEX TERM--OCCUPATION | |
| Occupation | Collectors. |
| Source of term | itoamc |
No items available.